| 000 | 00531nam a2200169 a 4500 | ||
|---|---|---|---|
| 001 | 000042631 | ||
| 005 | 20201002040303.0 | ||
| 008 | 140203s1984 sp ac 000 0 spa d | ||
| 020 | _a8477000530 | ||
| 040 |
_aDO-SdBNP _bspa _cBNPHU |
||
| 245 | 0 | 0 | _aHistoria Universal del Arte. |
| 260 |
_aMadrid, : _bSARPE, _c1984. |
||
| 300 |
_av. : _bil., retrs. ; _c28 cm. |
||
| 505 | 1 |
_tBibliografías de artistas _gv. 10 |
|
| 500 | _aLa biblioteca posee el volumen 10 | ||
| 710 | 2 |
_aSociedad Anónima de Revistas, Periódicos y Ediciones _969895 |
|
| 999 |
_c42120 _d42120 |
||